[Event "Elitserien(Skara-Limhamn)"]
[Site "?"]
[Date "2004.??.??"]
[Round "5"]
[White "Ziegler, Ari"]
[Black "Jepson, Christian"]
[Result "0-1"]
[WhiteElo "2433"]
[BlackElo "2488"]
[PlyCount "106"]
[EventDate "2004.??.??"]

1. d4 d5 2. Nf3 Nf6 3. e3 c5 4. Be2 Nc6 5. O-O Bg4 6. h3 Bxf3 7. Bxf3 e5 8.
dxe5 Nxe5 9. Be2 a6 10. b3 Bd6 11. Bb2 Bc7 12. Nd2 Qd6 13. g3 h5 14. f4 Nc6 15.
Kg2 O-O-O 16. Bd3 Qe6 17. Bxf6 gxf6 18. e4 Ba5 19. exd5 Qxd5+ 20. Kh2 Bxd2 21.
Qxd2 Nb4 22. Rad1 Nxd3 23. Qxd3 Qxd3 24. Rxd3 Rxd3 25. cxd3 Re8 26. Rf2 Kc7 27.
Kg2 Kd6 28. Kf3 f5 29. Rg2 Kd5 30. g4 hxg4+ 31. hxg4 fxg4+ 32. Rxg4 Kd4 33. Rg7
Re7 34. f5 Kxd3 35. Kf4 b5 36. f6 Rd7 37. Rg1 Kd2 38. Rg2+ Kd1 39. Rg5 Rd6 40.
Rxc5 Rxf6+ 41. Ke3 Re6+ 42. Kd3 Rd6+ 43. Ke3 Rd2 44. a4 Rb2 45. axb5 Rxb3+ 46.
Kd4 Rxb5 47. Rc6 f5 48. Rxa6 Ke2 49. Ra2+ Kf3 50. Ra3+ Kg4 51. Ke3 Rb2 52. Ra1
f4+ 53. Ke4 f3 0-1

[Event "Elitserien(Skara-Limhamn)"]
[Site "?"]
[Date "2004.??.??"]
[Round "5"]
[White "Ahlander, Bjorn"]
[Black "Mohammadi, Amir"]
[Result "1-0"]
[WhiteElo "2501"]
[BlackElo "2272"]
[PlyCount "55"]
[EventDate "2004.??.??"]

1. d4 f5 2. Nf3 Nf6 3. c4 e6 4. Nc3 d5 5. Bf4 Bb4 6. e3 O-O 7. Bd3 b6 8. O-O
Ne4 9. Nb5 Na6 10. cxd5 exd5 11. Rc1 c5 12. a3 Ba5 13. Ne5 c4 14. Rxc4 Nd2 15.
Rc1 Nxf1 16. Kxf1 Bd7 17. b4 Bxb4 18. axb4 Nxb4 19. Nxd7 Qxd7 20. Rc7 Qd8 21.
Be5 Rf6 22. Bxf6 Qxf6 23. Rxa7 Rf8 24. g3 Qh6 25. Kg2 g5 26. Bb1 g4 27. Qb3 f4
28. exf4 1-0

[Event "Elitserien(Skara-Limhamn)"]
[Site "?"]
[Date "2004.??.??"]
[Round "5"]
[White "Penalver, Osmani"]
[Black "Andersson, Goran"]
[Result "0-1"]
[WhiteElo "2232"]
[BlackElo "2232"]
[PlyCount "40"]
[EventDate "2004.??.??"]

1. d4 Nf6 2. c4 c5 3. d5 b5 4. cxb5 a6 5. bxa6 g6 6. b3 Bg7 7. Bb2 O-O 8. f3 e6
9. dxe6 fxe6 10. Qc2 Bxa6 11. Nh3 Nc6 12. e3 Bxf1 13. Kxf1 Nd5 14. Ke2 Ncb4 15.
Qd2 Bh6 16. f4 Qh4 17. a3 Qg4+ 18. Ke1 Nxe3 19. g3 Nbc2+ 20. Kf2 Qxh3 0-1

[Event "Elitserien(Astorp-LASK)"]
[Site "?"]
[Date "2004.??.??"]
[Round "5"]
[White "Jakobsen, Ole"]
[Black "Johnson, Bjorn"]
[Result "1/2-1/2"]
[WhiteElo "2363"]
[BlackElo "2307"]
[PlyCount "71"]
[EventDate "2004.??.??"]

1. d4 e6 2. c4 f5 3. g3 Nf6 4. Bg2 d5 5. Nh3 c6 6. Qc2 Bd6 7. O-O O-O 8. Bf4
Be7 9. Nd2 Na6 10. a3 h6 11. Be5 Ng4 12. Nf4 Nxe5 13. dxe5 Qe8 14. Bf3 g5 15.
Bh5 Qd8 16. Nd3 Bd7 17. f4 Be8 18. Bf3 g4 19. Bg2 Rc8 20. c5 Nc7 21. Nb3 Rb8
22. Nd4 Bd7 23. b4 Qe8 24. Rfc1 Qf7 25. a4 a6 26. Rab1 Rfc8 27. e3 Qf8 28. Bf1
Kg7 29. Qd2 h5 30. Qc3 Kf7 31. Kf2 h4 32. Bg2 h3 33. Bf1 Ra8 34. Rb2 Rab8 35.
Be2 Kg8 36. Bf1 1/2-1/2

[Event "Elitserien(Astorp-LASK)"]
[Site "?"]
[Date "2004.??.??"]
[Round "5"]
[White "Olsson, Linus"]
[Black "Ivarsson, Stefan"]
[Result "1/2-1/2"]
[WhiteElo "2366"]
[BlackElo "2280"]
[PlyCount "75"]
[EventDate "2004.??.??"]

1. d4 f5 2. g3 Nf6 3. Bg2 g6 4. Nh3 Bg7 5. Nf4 O-O 6. h4 Qe8 7. h5 g5 8. h6 Bh8
9. Nh3 g4 10. Nf4 Qf7 11. Nc3 d6 12. e4 Nc6 13. Be3 e5 14. dxe5 dxe5 15. Nfd5
Nd4 16. Qd2 Nxd5 17. Nxd5 Re8 18. c3 c6 19. Nc7 Qxc7 20. cxd4 fxe4 21. Rh5 Bf6
22. dxe5 Qf7 23. exf6 Qxh5 24. Rc1 Be6 25. Bxe4 Rad8 26. Qb4 Qf7 27. Rc5 Bd5
28. Bxd5 Rxd5 29. Qxg4+ Kh8 30. Qg7+ Qxg7 31. fxg7+ Kg8 32. Rc4 Rd6 33. Kf1
Rxe3 34. fxe3 Rxh6 35. Rd4 Rf6+ 36. Ke2 Kxg7 37. Rd8 Rf7 38. Rb8 1/2-1/2

[Event "Elitserien(Astorp-LASK)"]
[Site "?"]
[Date "2004.??.??"]
[Round "5"]
[White "Holmsgaard, Henrik"]
[Black "Persson, Hakon"]
[Result "1-0"]
[WhiteElo "2319"]
[BlackElo "2375"]
[PlyCount "63"]
[EventDate "2004.??.??"]

1. e4 d5 2. exd5 Qxd5 3. Nc3 Qa5 4. d4 Nf6 5. Nf3 Bf5 6. Bd2 e6 7. Ne4 Qb6 8.
Nxf6+ gxf6 9. Bc4 c6 10. O-O Nd7 11. b4 Bg7 12. c3 O-O 13. Nh4 Bg6 14. Qg4 Qc7
15. Bf4 e5 16. Bg3 Nb6 17. Bb3 Qd7 18. Qxd7 Nxd7 19. Rad1 Nb6 20. dxe5 fxe5 21.
Nxg6 hxg6 22. Rd6 Rad8 23. Rfd1 Rxd6 24. Rxd6 Kh7 25. c4 e4 26. c5 Nd5 27. Bxd5
cxd5 28. Rxd5 Bc3 29. b5 Bb4 30. c6 bxc6 31. bxc6 Rc8 32. c7 1-0

[Event "Elitserien(Astorp-LASK)"]
[Site "?"]
[Date "2004.??.??"]
[Round "5"]
[White "Semcesen, Daniel"]
[Black "Tallinger, Thomas"]
[Result "1-0"]
[WhiteElo "2314"]
[BlackElo "2202"]
[PlyCount "53"]
[EventDate "2004.??.??"]

1. e4 e6 2. Qe2 c5 3. g3 Nc6 4. c3 d6 5. Bg2 g6 6. f4 Nge7 7. Nf3 Bg7 8. O-O
O-O 9. d3 b6 10. Be3 Ba6 11. Bf2 Rb8 12. Nbd2 Qc7 13. Rae1 d5 14. e5 c4 15.
dxc4 Na5 16. b3 Rfc8 17. Nd4 dxc4 18. b4 Nac6 19. Nxc6 Nxc6 20. Ne4 Rd8 21. a4
Ne7 22. g4 Bb7 23. Bh4 Rd3 24. Rd1 Rbd8 25. Nd6 Bxg2 26. Qxg2 Rxc3 27. Nb5 1-0

[Event "Elitserien(Astorp-LASK)"]
[Site "?"]
[Date "2004.??.??"]
[Round "5"]
[White "Pettersson, Gosta"]
[Black "Nilsson, Sebastian"]
[Result "0-1"]
[WhiteElo "2094"]
[BlackElo "2282"]
[PlyCount "98"]
[EventDate "2004.??.??"]

1. c4 e6 2. Nc3 d5 3. d4 c5 4. e3 Nf6 5. Nf3 Nc6 6. a3 a6 7. h3 Be7 8. dxc5
Bxc5 9. b4 Ba7 10. cxd5 exd5 11. Ne2 O-O 12. Ned4 Ne7 13. Bb2 Ne4 14. Bd3 f5
15. Rc1 Qd6 16. Qc2 Qg6 17. g3 Qh6 18. Qc7 Ng6 19. h4 Bb8 20. Qc2 Bd7 21. Ne2
Qh5 22. Nfd4 Ne5 23. Nf4 Qf7 24. Be2 b5 25. Nf3 Ng4 26. Ng5 Nxg5 27. hxg5 Ne5
28. Bd4 Bd6 29. Qb2 Rfe8 30. Kf1 Rac8 31. Rxc8 Bxc8 32. Bh5 g6 33. Be2 Bb7 34.
Nd3 Nc4 35. Qc3 Rc8 36. Nc5 Bxc5 37. Bxc5 d4 38. Qxd4 Bxh1 39. f3 Qe6 40. Kg1
Qxe3+ 41. Qxe3 Nxe3 42. Bxe3 Rc2 43. Kf2 Rc3 44. a4 bxa4 45. Bxa6 a3 46. Bb7
Kf8 47. Bd5 Rc2+ 48. Kg1 Bxf3 49. Bxf3 Rc3 0-1

[Event "Elitserien(Astorp-LASK)"]
[Site "?"]
[Date "2004.??.??"]
[Round "5"]
[White "Riis, Jens"]
[Black "Josefsson, Kenneth"]
[Result "0-1"]
[WhiteElo "2234"]
[BlackElo "2007"]
[PlyCount "60"]
[EventDate "2004.??.??"]

1. d4 c5 2. c3 Nf6 3. dxc5 e6 4. b4 a5 5. Qb3 b6 6. cxb6 axb4 7. Nf3 Bc5 8. e3
Qxb6 9. Be2 O-O 10. O-O d5 11. cxb4 Qxb4 12. Bb2 Nbd7 13. Nc3 Ba6 14. Qxb4 Bxb4
15. Nb5 Rfc8 16. a4 Rc2 17. Bxf6 gxf6 18. Nfd4 Rc5 19. Rab1 Bc3 20. Nb3 Rcc8
21. Rfc1 Be5 22. Rxc8+ Rxc8 23. Na7 Rc7 24. Bxa6 Rxa7 25. Bb5 Nb6 26. a5 Nc4
27. Bxc4 dxc4 28. Nd2 c3 29. Nc4 c2 30. Rc1 Rd7 0-1

[Event "Elitserien(Astorp-LASK)"]
[Site "?"]
[Date "2004.??.??"]
[Round "5"]
[White "Olsson, Fredric"]
[Black "Olsson, Tomas"]
[Result "0-1"]
[WhiteElo "1712"]
[BlackElo "2217"]
[PlyCount "92"]
[EventDate "2004.??.??"]

1. d4 Nf6 2. Nf3 g6 3. Bf4 Bg7 4. e3 d6 5. Bd3 O-O 6. O-O Nfd7 7. c3 e5 8. dxe5
dxe5 9. Bg5 Qe8 10. Qc2 Nc5 11. e4 Be6 12. Be3 Nxd3 13. Qxd3 Qc6 14. b3 Na6 15.
Rd1 Bf6 16. Nbd2 Rad8 17. Qc2 Bg4 18. a3 Nc5 19. Bxc5 Qxc5 20. b4 Qc6 21. h3
Be6 22. Nf1 Qa6 23. a4 Qc4 24. Ne3 Rxd1+ 25. Rxd1 Qb3 26. Qxb3 Bxb3 27. Rd7
Bxa4 28. Rxc7 Bc6 29. Ng4 Bd8 30. Rc8 f6 31. Kf1 h5 32. Ne3 Bxe4 33. Ke2 Bb6
34. Rxf8+ Kxf8 35. Nc4 Bc7 36. Ncd2 Bc6 37. c4 a6 38. Ke3 f5 39. Ng5 Ke7 40. h4
Bb8 41. g3 Ba7+ 42. Ke2 Bd4 43. Nb1 e4 44. f4 Ba4 45. Kd2 Bb3 46. c5 Bf2 0-1

[Event "Elitserien(Eksjo-Kamraterna)"]
[Site "?"]
[Date "2004.??.??"]
[Round "5"]
[White "Svenn, Gosta"]
[Black "Gdanski, Jacek"]
[Result "0-1"]
[WhiteElo "2412"]
[BlackElo "2569"]
[PlyCount "176"]
[EventDate "2004.??.??"]

1. d4 Nf6 2. Nf3 c5 3. e3 g6 4. Bd3 Bg7 5. O-O O-O 6. b3 b6 7. Bb2 Bb7 8. Nbd2
d6 9. Re1 Nbd7 10. Qe2 a6 11. c4 e6 12. Rad1 Qc7 13. a3 Rfe8 14. Nb1 cxd4 15.
exd4 e5 16. dxe5 dxe5 17. Bc2 e4 18. Nfd2 e3 19. fxe3 Ng4 20. Qxg4 Bxb2 21. Nf3
Nf6 22. Qf4 Qc5 23. b4 Qe7 24. Qd6 Ng4 25. Ba4 Qxd6 26. Rxd6 Rxe3 27. Rxe3 Nxe3
28. Rxb6 Bxf3 29. gxf3 Nxc4 30. Rb7 Nxa3 31. Nxa3 Bxa3 32. Bb3 Kh8 33. Bxf7 Rf8
34. Bd5 Rd8 35. Bc4 Rd4 36. Bxa6 Bxb4 37. Bb5 Rd1+ 38. Kg2 Rd2+ 39. Kg1 Bc5+
40. Kh1 Bd6 41. Rd7 Rxh2+ 42. Kg1 Rd2 43. Rb7 h5 44. Be8 Bc5+ 45. Kh1 Rd1+ 46.
Kh2 Rd6 47. Rc7 Rd8 48. Rxc5 Rxe8 49. Rc7 Rf8 50. Kg3 Kg8 51. Ra7 Rf7 52. Ra6
Kg7 53. Rb6 Re7 54. Ra6 Kf7 55. Rb6 Re6 56. Rb5 Kf6 57. Ra5 Re5 58. Ra8 Rg5+
59. Kf2 Rb5 60. Kg3 Kg5 61. Ra6 Rf5 62. Rb6 Ra5 63. Rc6 Kf5 64. Rc8 Rd5 65. Ra8
Rd1 66. Ra5+ Kf6 67. Ra6+ Kg7 68. Ra7+ Kh6 69. Ra6 Rg1+ 70. Kh2 Rg5 71. Ra7 Rf5
72. Kg3 Kg5 73. Rb7 Rc5 74. Ra7 Kf5 75. Rf7+ Ke5 76. Rg7 Kf6 77. Rh7 Rg5+ 78.
Kh3 Ke5 79. Ra7 Kf4 80. Rf7+ Rf5 81. Rg7 Rg5 82. Rf7+ Ke3 83. Rf6 Kf2 84. Kh2
Rg2+ 85. Kh1 Rg3 86. Kh2 g5 87. Rf5 h4 88. Kh1 Rh3# 0-1

[Event "Elitserien(Eksjo-Kamraterna)"]
[Site "?"]
[Date "2004.??.??"]
[Round "5"]
[White "Vernersson, Per"]
[Black "Svensson, Bengt"]
[Result "1/2-1/2"]
[WhiteElo "2493"]
[BlackElo "2463"]
[PlyCount "60"]
[EventDate "2004.??.??"]

1. d4 Nf6 2. c4 g6 3. Nc3 d5 4. Bf4 Bg7 5. e3 c5 6. dxc5 Qa5 7. Qb3 Nc6 8. Qb5
Be6 9. Qxa5 Nxa5 10. cxd5 Nxd5 11. Bb5+ Kf8 12. Nge2 Nxc3 13. Nxc3 Bxc3+ 14.
bxc3 Rc8 15. Bh6+ Kg8 16. Rd1 f6 17. e4 Kf7 18. Be3 Nc4 19. Bxc4 Bxc4 20. Rd7
Ba6 21. f3 Rhd8 22. c6 Rxd7 23. cxd7 Rd8 24. Bxa7 Rxd7 25. Be3 Rd3 26. Bd2 Bc4
27. a3 Rd6 28. Be3 Rd3 29. Bd2 Rd6 30. Be3 Rd3 1/2-1/2

[Event "Elitserien(Eksjo-Kamraterna)"]
[Site "?"]
[Date "2004.??.??"]
[Round "5"]
[White "Wengholm, Anders"]
[Black "Rothen, Hakan"]
[Result "1-0"]
[WhiteElo "2226"]
[BlackElo "2351"]
[PlyCount "97"]
[EventDate "2004.??.??"]

1. Nf3 g6 2. c4 Bg7 3. d4 e6 4. Nc3 Ne7 5. e4 d6 6. Be2 O-O 7. h4 c5 8. d5 exd5
9. cxd5 Bg4 10. Ng5 Bxe2 11. Qxe2 h6 12. Nh3 Nd7 13. h5 g5 14. f4 gxf4 15. Bxf4
Ne5 16. g4 c4 17. Nf2 b5 18. a3 Nc8 19. O-O-O b4 20. axb4 f6 21. Rdg1 Qb6 22.
Rg2 a5 23. Bxe5 dxe5 24. bxa5 Rxa5 25. Qxc4 Rc5 26. Qd3 Nd6 27. Nfd1 Qb4 28.
Rc2 Rfc8 29. Rhh2 Nc4 30. d6 Ra5 31. d7 Rd8 32. Na2 Rxa2 33. Qxc4+ Qxc4 34.
Rxc4 Rxd7 35. Rd2 Raa7 36. Rxd7 Rxd7 37. Kc2 Rd4 38. Ne3 Rxc4+ 39. Nxc4 Bf8 40.
Ne3 Kf7 41. Nf5 Ke6 42. Kd3 Kd7 43. Kc4 Kc6 44. b3 Kc7 45. b4 Kc6 46. b5+ Kb6
47. Kd5 Kxb5 48. Ke6 Kc4 49. Kxf6 1-0

[Event "Elitserien(Eksjo-Kamraterna)"]
[Site "?"]
[Date "2004.??.??"]
[Round "5"]
[White "Thornert, Hakan"]
[Black "Haggstrom, Olle"]
[Result "1/2-1/2"]
[WhiteElo "2281"]
[BlackElo "2218"]
[PlyCount "130"]
[EventDate "2004.??.??"]

1. e4 e6 2. Qe2 d5 3. exd5 Qxd5 4. Nc3 Qd8 5. Nf3 Nf6 6. d4 Be7 7. Bg5 O-O 8.
O-O-O c6 9. Bxf6 gxf6 10. Qe4 f5 11. Qe3 Kh8 12. h3 Rg8 13. g4 fxg4 14. hxg4
Rxg4 15. Bd3 f5 16. Kb1 Nd7 17. Qxe6 Nf6 18. Qb3 Nd5 19. Ne5 Rg7 20. Nxd5 cxd5
21. Rdg1 Bf6 22. Rxg7 Kxg7 23. Rg1+ Kf8 24. f4 Qb6 25. Qxd5 Be6 26. Qh1 Qxd4
27. Qh6+ Ke7 28. Re1 Rg8 29. Qxh7+ Rg7 30. Qh1 Kd8 31. Bxf5 Qxf4 32. Bxe6 Bxe5
33. c3 Kc7 34. Qd5 Bf6 35. Qc5+ Kd8 36. Qf8+ Kc7 37. Qc5+ Kd8 38. Qd5+ Kc7 39.
Re4 Rg1+ 40. Kc2 Qc1+ 41. Kb3 Qd1+ 42. Qxd1 Rxd1 43. Rf4 Be7 44. Rf7 Kd8 45. a4
Rd6 46. Bc4 Rf6 47. Rh7 Rf5 48. Bd3 Re5 49. Kc4 Rg5 50. Be4 Rc5+ 51. Kd4 b6 52.
Rf7 Kd7 53. b4 Rg5 54. Bf5+ Ke8 55. Be6 Rg6 56. Kd5 Rg5+ 57. Ke4 Rg6 58. Kf5
Rg5+ 59. Kf4 Rg6 60. Bb3 Rf6+ 61. Rxf6 Bxf6 62. c4 Bc3 63. b5 Kd7 64. Ke4 Kd6
65. Kd3 Be1 1/2-1/2

[Event "Elitserien(Eksjo-Kamraterna)"]
[Site "?"]
[Date "2004.??.??"]
[Round "5"]
[White "Hamark, Jesper"]
[Black "Andersson, Johan"]
[Result "1/2-1/2"]
[WhiteElo "2305"]
[BlackElo "2218"]
[PlyCount "121"]
[EventDate "2004.??.??"]

1. c4 d6 2. Nc3 e5 3. g3 f5 4. Bg2 Nf6 5. d3 Be7 6. f4 O-O 7. Nf3 exf4 8. Bxf4
c6 9. Qd2 Na6 10. O-O Nc7 11. Kh1 Ne6 12. Rae1 Nxf4 13. gxf4 Nh5 14. e3 Bd7 15.
Ne2 Bh4 16. Rc1 Qe7 17. Nxh4 Qxh4 18. Rf3 g6 19. c5 dxc5 20. Rxc5 Be6 21. Rh3
Qe7 22. Re5 Qf7 23. a3 Nf6 24. Nd4 Rfe8 25. Rg3 Ng4 26. Rc5 Rad8 27. h3 Nh6 28.
Qc3 Bd5 29. Bxd5 Rxd5 30. Kh2 Qd7 31. Qb3 Nf7 32. Rxd5 cxd5 33. Qb5 Qxb5 34.
Nxb5 Kg7 35. Kg2 Kf6 36. Kf3 a6 37. Nd4 Rc8 38. Rg2 g5 39. Rc2 Rxc2 40. Nxc2 h5
41. fxg5+ Kxg5 42. Nb4 Ne5+ 43. Ke2 Kh4 44. Nxd5 Kxh3 45. d4 Nc4 46. Kf3 Nxb2
47. Ne7 Nc4 48. Nxf5 Nxa3 49. d5 Nc4 50. d6 a5 51. Kf4 Nb6 52. e4 a4 53. e5 a3
54. Nd4 a2 55. Nb3 Nd7 56. e6 Nc5 57. e7 Nxb3 58. e8=Q a1=Q 59. Qxh5+ Kg2 60.
Qf3+ Kg1 61. Qg3+ 1/2-1/2

[Event "Elitserien(Eksjo-Kamraterna"]
[Site "?"]
[Date "2004.??.??"]
[Round "5"]
[White "Martensson, Ulf"]
[Black "Akvist, Hakan"]
[Result "1/2-1/2"]
[WhiteElo "2158"]
[BlackElo "2132"]
[PlyCount "97"]
[EventDate "2004.??.??"]

1. d4 Nf6 2. Nf3 g6 3. c4 Bg7 4. Nc3 d5 5. Bg5 Ne4 6. cxd5 Nxg5 7. Nxg5 e6 8.
Nf3 exd5 9. e3 O-O 10. Be2 Re8 11. O-O b6 12. Rc1 Bb7 13. b4 c6 14. Qb3 Nd7 15.
b5 c5 16. Nxd5 cxd4 17. Nc7 Nc5 18. Rxc5 bxc5 19. Nxa8 Bxa8 20. Bc4 Qf6 21.
exd4 cxd4 22. Bd5 Bxd5 23. Qxd5 Rd8 24. Qb3 Qf5 25. Rd1 d3 26. a4 Bh6 27. h3 d2
28. a5 Rd3 29. Qc4 Rxf3 30. gxf3 Qxf3 31. Qf1 Bf4 32. b6 axb6 33. axb6 h5 34.
Rb1 g5 35. b7 Bb8 36. Rd1 Bf4 37. Rb1 Bb8 38. Rd1 Qf4 39. Qg2 Kg7 40. Kf1 Qc4+
41. Kg1 f6 42. Qf3 g4 43. hxg4 hxg4 44. Qf5 Qd4 45. Qe6 Qf4 46. Qd7+ Kg6 47.
Qe8+ Kg7 48. Qd7+ Kg6 49. Qe8+ 1/2-1/2

[Event "Elitserien(Eksjo-Kamraterna)"]
[Site "?"]
[Date "2004.??.??"]
[Round "5"]
[White "Nordstrom, Per-Olov"]
[Black "Madebrink, Lars"]
[Result "1/2-1/2"]
[WhiteElo "1931"]
[BlackElo "2216"]
[PlyCount "127"]
[EventDate "2004.??.??"]

1. Nf3 Nf6 2. g3 g6 3. Bg2 Bg7 4. O-O O-O 5. d3 d5 6. c3 c5 7. Nbd2 Nc6 8. e4
e5 9. a3 h6 10. b4 cxb4 11. axb4 b5 12. Ba3 Re8 13. Qc2 Bb7 14. Nb3 Rc8 15. Nc5
Ba8 16. Bh3 Rc7 17. Rfc1 a5 18. bxa5 Nxa5 19. Nd2 Ra7 20. Bg2 Bf8 21. Rcb1 dxe4
22. Ndxe4 Nxe4 23. Nxe4 f5 24. Nd2 Bxg2 25. Kxg2 Qa8+ 26. Kg1 Nc6 27. Bb2 Kh7
28. Rxa7+ Qxa7 29. Ra1 Qb7 30. Nb3 Rd8 31. Ba3 b4 32. Bb2 bxc3 33. Qxc3 Rb8 34.
Ba3 Bg7 35. Nc5 e4 36. Nxb7 Bxc3 37. Rc1 Nd4 38. Kf1 Nb5 39. Nd6 Bd2 40. Rb1
exd3 41. Rxb5 Ra8 42. Nc4 Bg5 43. f4 Bf6 44. Rd5 Ra4 45. Bb2 Bxb2 46. Nxb2 Ra1+
47. Kf2 Ra2 48. Rb5 g5 49. Ke3 gxf4+ 50. gxf4 Kg6 51. Kxd3 Ra3+ 52. Kd4 Rh3 53.
Rb6+ Kh5 54. Ke5 Kg4 55. Rg6+ Kf3 56. Rg3+ Rxg3 57. hxg3 Kxg3 58. Kxf5 h5 59.
Nc4 h4 60. Ne5 h3 61. Ng4 Kh4 62. Ne5 Kg3 63. Ng4 Kh4 64. Ne5 1/2-1/2

[Event "Elitserien(Passanten-Sollentuna)"]
[Site "?"]
[Date "2004.??.??"]
[Round "5"]
[White "Agrest, Evgenij"]
[Black "Cramling, Dan"]
[Result "1-0"]
[WhiteElo "2711"]
[BlackElo "2408"]
[PlyCount "75"]
[EventDate "2004.??.??"]
[SourceDate "2004.12.05"]

1. Nf3 c5 2. c4 Nc6 3. d4 cxd4 4. Nxd4 e6 5. Nc3 Nf6 6. a3 Qc7 7. Bg5 Be7 8.
Ndb5 Qb8 9. e3 a6 10. Nd4 b6 11. Bf4 Qa7 12. Nxc6 dxc6 13. e4 Bb7 14. e5 Rd8
15. Qe2 Nd7 16. Qe3 c5 17. Bd3 Nb8 18. O-O Nc6 19. Rad1 Qb8 20. Rfe1 Rd4 21.
Ne2 Rd7 22. Ng3 Rd4 23. Ne2 Rd7 24. Nc3 Rd4 25. Qg3 Bf8 26. Ne2 Rd8 27. h4 h5
28. Nc3 Rd4 29. Be4 g6 30. Be3 Rxd1 31. Rxd1 Qc7 32. Bg5 Nd4 33. Bxb7 Qxb7 34.
Bf6 Rg8 35. Qe3 Be7 36. Ne4 Bxf6 37. exf6 Qc7 38. f4 1-0

[Event "Elitserien(Passanten-Sollentuna)"]
[Site "?"]
[Date "2004.??.??"]
[Round "5"]
[White "Sanden, Stefan"]
[Black "Berg, Emanuel"]
[Result "0-1"]
[WhiteElo "2324"]
[BlackElo "2603"]
[PlyCount "60"]
[EventDate "2004.??.??"]
[SourceDate "2004.12.05"]

1. e4 e6 2. d4 d5 3. Nc3 Bb4 4. e5 c5 5. a3 Bxc3+ 6. bxc3 Qc7 7. Qg4 f5 8. Qg3
Ne7 9. Bd2 O-O 10. Bd3 Ng6 11. Nf3 b6 12. h4 Rf7 13. h5 Nf8 14. O-O Ba6 15. a4
Bxd3 16. cxd3 Nc6 17. dxc5 bxc5 18. c4 dxc4 19. Rac1 Rd8 20. Rxc4 Rxd3 21. Rxc5
Nd7 22. Rc2 Ndxe5 23. Nxe5 Rxg3 24. Nxf7 Rg4 25. Rfc1 Qxf7 26. Rxc6 h6 27. Re1
Qxh5 28. Rcxe6 Rh4 29. f3 Rh1+ 30. Kf2 Qh4+ 0-1

[Event "Elitserien(Passanten-Sollentuna)"]
[Site "?"]
[Date "2004.??.??"]
[Round "5"]
[White "Couso, Luis"]
[Black "Larsson, Per"]
[Result "1/2-1/2"]
[WhiteElo "2428"]
[BlackElo "2344"]
[PlyCount "54"]
[EventDate "2004.??.??"]
[SourceDate "2004.12.05"]

1. e4 c6 2. d4 d5 3. e5 Bf5 4. c3 e6 5. Be3 Nd7 6. Nd2 Ne7 7. f4 Bg6 8. Ngf3 c5
9. Bf2 Nc6 10. Be2 Qb6 11. Qb3 cxd4 12. Qxb6 axb6 13. Nxd4 Nc5 14. O-O Be7 15.
Bb5 Rc8 16. c4 Bd3 17. cxd5 Bxf1 18. Nxf1 exd5 19. Ne3 Ne6 20. Nxd5 Nexd4 21.
Bxd4 Bc5 22. Bxc5 bxc5 23. Rc1 Kd8 24. Nb6 Rc7 25. Nd5 Rc8 26. Nb6 Rc7 27. Nd5
Rc8 1/2-1/2

[Event "Elitserien(Passanten-Sollentuna)"]
[Site "?"]
[Date "2004.??.??"]
[Round "5"]
[White "Lundin, Anders"]
[Black "Eriksson, Johan"]
[Result "1/2-1/2"]
[WhiteElo "2219"]
[BlackElo "2449"]
[PlyCount "103"]
[EventDate "2004.??.??"]
[SourceDate "2004.12.05"]

1. d4 Nf6 2. c4 c5 3. d5 b5 4. cxb5 a6 5. b6 e6 6. Nc3 Qxb6 7. e4 exd5 8. exd5
d6 9. a4 Be7 10. a5 Qb7 11. Bc4 O-O 12. Nge2 Bg4 13. f3 Bd7 14. O-O Ne8 15. Qd3
Nc7 16. Ng3 Nb5 17. Na4 Bd8 18. Bd2 Nd4 19. b4 Bxa4 20. Rxa4 Nd7 21. Bf4 Bc7
22. Ne4 Rfe8 23. Ra2 Qa7 24. bxc5 Nf5 25. Kh1 Nxc5 26. Nf6+ gxf6 27. Qxf5 Bd8
28. Bxd6 Qd7 29. Qxd7 Nxd7 30. Bf4 Ne5 31. Be2 Ng6 32. Bg3 Bxa5 33. Bd3 Bb4 34.
Rxa6 Rxa6 35. Bxa6 Rd8 36. Rd1 Bd6 37. Bf2 Ra8 38. Bf1 Ne7 39. g3 Ra5 40. Bc4
Ra4 41. Rc1 Kf8 42. Kg2 Ra3 43. Bd4 Kg7 44. Kf2 Nf5 45. Bb2 Bc5+ 46. Kg2 Ra4
47. Bb5 Ra2 48. Rxc5 Rxb2+ 49. Kh3 Nd4 50. d6 Nxb5 51. d7 Rd2 52. Rxb5 1/2-1/2

[Event "Elitserien(Passanten-Sollentuna)"]
[Site "?"]
[Date "2004.??.??"]
[Round "5"]
[White "Hahlin, Lars-Olov"]
[Black "Lindberg, Bosse"]
[Result "0-1"]
[WhiteElo "2126"]
[BlackElo "2426"]
[PlyCount "80"]
[EventDate "2004.??.??"]
[SourceDate "2004.12.05"]

1. d4 f5 2. c4 Nf6 3. Nc3 b6 4. Nf3 Bb7 5. g3 e6 6. Bg2 Bb4 7. O-O O-O 8. Qb3
Bxc3 9. Qxc3 d6 10. b3 Qe8 11. Bb2 Nbd7 12. Rad1 Qh5 13. b4 Ne4 14. Qb3 Rf6 15.
c5 Bd5 16. Qe3 g5 17. Bc1 f4 18. Qd3 Rh6 19. h4 Rf8 20. hxg5 Nxg5 21. Nh4 Qg4
22. e4 Rxh4 23. Bxf4 Rxf4 24. exd5 Rh6 25. gxf4 Nh3+ 26. Qxh3 Rxh3 27. dxe6
Qxe6 28. Bxh3 Qxh3 29. Rfe1 Qg4+ 30. Kf1 Kf7 31. Rd3 Nf6 32. Ra3 dxc5 33. dxc5
Qxf4 34. Rxa7 bxc5 35. bxc5 Qc4+ 36. Kg1 Qxc5 37. Ra4 Qg5+ 38. Kf1 Ng4 39. Kg2
Ne5+ 40. Kf1 Nf3 0-1

[Event "Elitserien(Passanten-Sollentuna)"]
[Site "?"]
[Date "2004.??.??"]
[Round "5"]
[White "Eriksson, Jonas"]
[Black "Danielsson, Robert"]
[Result "1-0"]
[WhiteElo "2370"]
[BlackElo "1985"]
[PlyCount "83"]
[EventDate "2004.??.??"]
[SourceDate "2004.12.05"]

1. d4 Nf6 2. Nc3 d5 3. Bg5 g6 4. e3 Bg7 5. f4 b6 6. Qf3 Bb7 7. Bd3 O-O 8. Bxf6
exf6 9. h4 f5 10. h5 Re8 11. hxg6 hxg6 12. O-O-O Nd7 13. Nh3 Nf6 14. Ng5 Qe7
15. Rde1 c5 16. Qh3 c4 17. Bf1 Bc6 18. Nf3 Ng4 19. Ne5 Nxe5 20. fxe5 b5 21. Ne2
b4 22. Nf4 b3 23. axb3 cxb3 24. c3 a5 25. g4 fxg4 26. Qh7+ Kf8 27. Bd3 Qg5 28.
Rhf1 Ke7 29. Qxg7 Rg8 30. Qf6+ Qxf6 31. exf6+ Kd6 32. e4 dxe4 33. Bxe4 a4 34.
Bxc6 Kxc6 35. Nd3 a3 36. bxa3 Rxa3 37. Kb2 Ra2+ 38. Kxb3 Rd2 39. Nb4+ Kd6 40.
Rg1 Rf2 41. Rxg4 Rxf6 42. Rg3 1-0

[Event "Elitserien(Passanten-Sollentuna)"]
[Site "?"]
[Date "2004.??.??"]
[Round "5"]
[White "Vidimlic, Mirsad"]
[Black "Bergstrom, Peter"]
[Result "0-1"]
[WhiteElo "1884"]
[BlackElo "2367"]
[PlyCount "72"]
[EventDate "2004.??.??"]
[SourceDate "2004.12.05"]

1. d4 d5 2. e3 Nf6 3. Bd3 Bg4 4. Ne2 e6 5. O-O c5 6. c3 Nc6 7. Nd2 Bd6 8. Qe1
e5 9. dxe5 Nxe5 10. Bb1 O-O 11. f3 Bd7 12. e4 dxe4 13. Nxe4 Nxe4 14. Bxe4 Qb6
15. f4 Ng4 16. h3 Rfe8 17. Bxh7+ Kxh7 18. hxg4 Bb5 19. Qh4+ Kg8 20. Rf3 Rxe2
21. Rh3 f6 22. Qh8+ Kf7 23. Qxa8 Re8 24. Qxe8+ Bxe8 25. c4 Qc7 26. Rf3 Bd7 27.
g5 Bg4 28. Rf2 fxg5 29. fxg5+ Kg6 30. Be3 Bg3 31. Rd2 Qe5 32. Bf2 Qxg5 33. Rc2
Bf5 34. Rc3 Be5 35. Rb3 Be4 36. g3 Qh5 0-1

[Event "Elitserien(Rockaden-Wasa)"]
[Site "?"]
[Date "2004.??.??"]
[Round "5"]
[White "Barkhagen, Jonas"]
[Black "von Bahr, Oskar"]
[Result "1/2-1/2"]
[WhiteElo "2521"]
[BlackElo "2382"]
[PlyCount "52"]
[EventDate "2004.??.??"]
[SourceDate "2004.12.05"]

1. d4 Nf6 2. c4 e6 3. Nc3 Bb4 4. Qc2 d5 5. cxd5 Qxd5 6. e3 c5 7. Bd2 Bxc3 8.
Bxc3 cxd4 9. Bxd4 Nc6 10. Bc3 O-O 11. Nf3 Rd8 12. Bxf6 gxf6 13. Qc3 Ne5 14. Be2
Nd3+ 15. Bxd3 Qxd3 16. Qxf6 b6 17. Qc3 Qxc3+ 18. bxc3 Ba6 19. Rd1 Rdc8 20. Kd2
Rc5 21. Rc1 Rd8+ 22. Kc2 Rd3 23. Kb2 Rb5+ 24. Ka1 Rc5 25. Kb2 Rb5+ 26. Ka1 Rc5
1/2-1/2

[Event "Elitserien(Rockaden-Wasa)"]
[Site "?"]
[Date "2004.??.??"]
[Round "5"]
[White "Webb, Simon"]
[Black "Hermansson, Emil"]
[Result "1/2-1/2"]
[WhiteElo "2381"]
[BlackElo "2478"]
[PlyCount "34"]
[EventDate "2004.??.??"]
[SourceDate "2004.12.05"]

1. Nf3 c5 2. c4 Nc6 3. d4 cxd4 4. Nxd4 Nf6 5. g3 e6 6. Bg2 Qb6 7. Nb3 Ne5 8.
Qc2 d6 9. O-O Bd7 10. Bf4 Rc8 11. N3d2 Be7 12. Qb3 Qc7 13. Na3 O-O 14. Nb5 Qb8
15. a4 a6 16. Nc3 Bc6 17. a5 Qc7 1/2-1/2